Elementos de química orgánica
Saved in:
| Hovedforfatter: | |
|---|---|
| Format: | Bog |
| Sprog: | spansk |
| Udgivet: |
Santiago
Universidad Católica de Chile
1979
|
| Fag: | |
| Tags: |
Tilføj Tag
Ingen Tags, Vær først til at tagge denne postø!
|
MARC
| LEADER | 00000nam a2200000 a 4500 | ||
|---|---|---|---|
| 001 | UCK1607 | ||
| 003 | CL-VaPUC | ||
| 008 | 041119e19790000CL |||||||||||||||||spa|d | ||
| 082 | 0 | 4 | |a 547 |b PAR |2 21 |
| 100 | |a Pardo D., Fernando |e autor |9 489517 | ||
| 245 | 1 | 0 | |a Elementos de química orgánica |
| 300 | |a pág. irreg | ||
| 942 | |c BK | ||
| 945 | |d 20041119 00:00:00 |a cmena | ||
| 260 | |a Santiago |b Universidad Católica de Chile |c 1979 | ||
| 650 | 0 | |a Química orgánica |9 259426 | |
| 650 | 7 | |a COMPUESTOS ORGANICOS |2 CL-VaPUC |9 306788 | |
| 650 | 0 | |a Electromagnetismo |9 260123 | |
| 650 | 0 | |a Reacciones químicas |9 259438 | |
| 583 | |a last modification |c 20041119 00:00:00 |k Rodrigo Vera | ||
| 999 | |c 311510 |d 311508 | ||